Music Quiz

Random Music or Bands Quiz
Score 0/20 Timer 05:00
1 Play Today
% Correct
Carpenters
74.8%
Ramones
61.9%
Hole
55%
Eagles
45.9%
Rush
43.6%
Blur
38.9%
Cream
37.8%
Motörhead
35.8%
Paramore
33.4%
Megadeth
31%
% Correct
Kraftwerk
30.7%
Muse
30.4%
fun.
27.1%
Soundgarden
25.9%
Pulp
24.5%
Sublime
23%
Boston
17.5%
Santana
15.6%
Wilco
10.3%
Steppenwolf
5.4%
Remove Ads.
Support Sporcle.
Get the best of Sporcle when you Go Orange. This ad-free experience offers more features, more stats, and more fun while also helping to support Sporcle. Thank you for becoming a member.

You're not logged in!

Compare scores with friends on all Sporcle quizzes.
OR
Log In

Show Comments

Extras

Top Quizzes Today


Score Distribution

Your Account Isn't Verified!

In order to create a playlist on Sporcle, you need to verify the email address you used during registration. Go to your Sporcle Settings to finish the process.

Report this User

Report this user for behavior that violates our Community Guidelines.

Details: